The Oxford book of humorous prose : from William Caxton to P.G. Wodehouse : a conducted tour
Saved in:
| Other Authors: | |
|---|---|
| Format: | Book |
| Language: | English |
| Published: |
Oxford ; New York :
Oxford University Press,
1992
|
| Subjects: | |
| Tags: |
Add Tag
No Tags, Be the first to tag this record!
|
MARC
| LEADER | 00000nam a2200000 i 4500 | ||
|---|---|---|---|
| 001 | 1/87323 | ||
| 008 | 981110r19921990 eng d | ||
| 020 | |a 0-19-282959-9 | ||
| 035 | |l 10035210 | ||
| 035 | |a 1993 |b 2 |c Τσουτσουλοπούλου | ||
| 040 | |a GR-MY-UA |b gre |e aacr | ||
| 041 | 0 | |a eng | |
| 082 | 0 | |a 828.08 |2 (20) | |
| 245 | 1 | 4 | |a The Oxford book of humorous prose : |b from William Caxton to P.G. Wodehouse : a conducted tour / |c [compiled and edited] by Frank Muir |
| 260 | |a Oxford ; New York : |b Oxford University Press, |c 1992 | ||
| 300 | |a xxxiv, 1162 p.; |c 20 cm | ||
| 500 | |a "First published 1990"--T.p. verso | ||
| 504 | |a Περιέχει ευρετήριο | ||
| 650 | 0 | 0 | |a English prose literature. |
| 650 | 0 | 0 | |a English wit and humor. |
| 650 | 0 | 0 | |a American prose literature. |
| 650 | 0 | 0 | |a American wit and humor. |
| 700 | 1 | |a Muir, Frank. |4 edt | |
| 852 | |a INST |b RHODES |e 19981110 |h 828.08 OXF |p 005400009746 |q 005400009746 |t BK |y 0 | ||
| 909 | |a Ρ |b 026385 |c 1993 | ||